[Event "10th EICC"]
[Site "Budva MNE"]
[Date "2009.03.12"]
[Round "7"]
[White "Dedic,S"]
[Black "Kanceljak,D"]
[Result "1-0"]
[WhiteElo "1968"]
[BlackElo "1917"]
[EventDate "2009.03.06"]

1. c4 Nf6 2. d4 g6 3. Nc3 Bg7 4. e4 d6 5. Be2 O-O 6. Be3 Nbd7 7. Nf3 c5 8.
d5 e6 9. dxe6 Nb6 10. exf7+ Rxf7 11. Bg5 Qf8 12. Rb1 Bg4 13. Bxf6 Bxf6 14.
Nd5 Bxf3 15. Nxf6+ Rxf6 16. Bxf3 Nxc4 17. Qd5+ Qf7 18. Qxf7+ Kxf7 19. Be2
Ne5 20. O-O Kg7 21. b4 cxb4 22. Rxb4 Rf7 23. Rd1 Rc8 24. Rxd6 Rc2 25. Kf1
Rxa2 26. Rb1 h5 27. h3 a6 28. Rdb6 Kh6 29. g3 Rc7 30. R6b2 Rxb2 31. Rxb2 b5
32. Ra2 Rc6 33. f4 Nc4 34. Bxc4 bxc4 35. Ke2 Kg7 36. Ke3 Rd6 37. Rd2 Rb6
38. Rd7+ Kf6 39. Kd4 Rc6 40. Kc3 g5 41. Rd4 h4 42. e5+ Kf5 43. g4+ Ke6 44.
f5+ Kxe5 45. Rxc4 Rd6 46. Ra4 Rc6+ 47. Kd3 Rd6+ 48. Ke3 Rb6 49. Ra5+ Rb5
50. Rxb5+ axb5 51. Kd3 Kd5 52. Kc3 Kc5 53. Kb3 Kd5 54. Kb4 Kc6 55. f6 Kd6
56. Kxb5 Ke6 57. Kc5 Kf7 58. Kd5 Kxf6 59. Kd6 1-0

[Event "10th EICC"]
[Site "Budva MNE"]
[Date "2009.03.14"]
[Round "8"]
[White "Inarkiev,E"]
[Black "Papaioannou,I"]
[Result "1-0"]
[WhiteElo "2656"]
[BlackElo "2609"]
[EventDate "2009.03.06"]

1. e4 c5 2. Nf3 d6 3. d4 cxd4 4. Nxd4 Nf6 5. Nc3 a6 6. Be3 e5 7. Nf3 Be7 8.
Bc4 O-O 9. O-O Nc6 10. Re1 b5 11. Bf1 Rb8 12. Bg5 Ng4 13. Bc1 f5 14. exf5
Kh8 15. h3 Nf6 16. g4 b4 17. Ne2 g6 18. fxg6 Nxg4 19. hxg4 Rxf3 20. Bg2 Rf6
21. g7+ Kxg7 22. Ng3 Kh8 23. g5 Rf8 24. Qh5 Rg8 25. Bxc6 Bxg5 26. Bd5 Rg7
27. Re4 Bd7 28. Bxg5 Rxg5 29. Qh6 Qe7 30. Rd1 Rg6 31. Qh4 Qg7 32. Rxb4 Rf8
33. Rb7 Rg4 34. Qh2 Qg5 35. Rxd7 Rh4 36. Qxh4 Qxh4 37. Be4 Qf4 38. Rxh7+
Kg8 39. Rg7+ Kh8 40. Rh7+ Kg8 41. Rh2 Rd8 42. Bd5+ Kf8 43. Rh8+ Ke7 44.
Rh7+ Ke8 45. c4 1-0

[Event "10th EICC"]
[Site "Budva MNE"]
[Date "2009.03.14"]
[Round "8"]
[White "Meier,Geo"]
[Black "Grachev,B"]
[Result "1/2-1/2"]
[WhiteElo "2608"]
[BlackElo "2655"]
[EventDate "2009.03.06"]

1. d4 d5 2. c4 c6 3. Nf3 Nf6 4. e3 e6 5. Nbd2 c5 6. cxd5 exd5 7. b3 Nc6 8.
Bb2 cxd4 9. Nxd4 Bd6 10. Rc1 Bd7 11. Nxc6 bxc6 12. Ba6 Rb8 13. O-O O-O 14.
Nc4 Be7 15. Ne5 Rb6 16. Bd3 c5 17. Nxd7 Qxd7 18. Qc2 g6 19. Rfd1 Qe6 20.
Qc3 Rd8 21. Bf1 Qf5 22. Qe5 Qxe5 23. Bxe5 Re6 24. Bc7 Rc8 25. Ba5 Rd6 26.
Rc2 Bd8 27. Bxd8 Rdxd8 28. Rdc1 Nd7 29. g3 Rc6 30. Bb5 Rd6 31. Bxd7 R8xd7
32. Rxc5 d4 33. exd4 Rxd4 34. Ra5 Rd2 35. Rc3 Re7 36. a3 Kg7 37. b4 h5 38.
Kg2 Ree2 39. Rf3 Re7 40. h3 Rc7 41. Ra6 Re7 42. Rf4 Rc7 43. a4 Re7 44. Rc6
Rb2 45. b5 Rd7 46. Rcc4 Ra2 47. Rc6 Rb2 48. h4 Re7 49. Rc3 a6 50. bxa6 Rb6
51. Ra3 Rxa6 52. Kf3 Ra5 53. Re4 Rd7 54. Ke2 Rad5 55. Ra2 Kf8 56. Rb2 Kg7
57. Ra2 Kf8 58. f4 Kg7 59. Re5 Rd3 60. Kf2 Rc3 61. Re3 Rc5 62. a5 Ra7 63.
Re5 Rc3 64. Rb5 Ra6 65. f5 Kh6 66. fxg6 fxg6 67. Rg5 Rf6+ 68. Kg2 Rcc6 69.
Re5 Rc7 70. Rb5 Ra7 71. Rf2 Rfa6 72. Ra2 Rf6 73. Kh3 Rd6 74. Rc2 Rda6 75.
Rcc5 Rd6 76. Rd5 Re6 77. Rb2 Rea6 78. Ra2 Re6 79. Rg5 Rea6 80. Kg2 Ra8 81.
Ra3 Re8 82. Rb5 Rf6 83. Ra2 Ra8 84. Re5 Ra7 85. Rb2 Rfa6 86. Rbb5 Rf6 87.
Kh3 Rd6 88. Rg5 Rda6 89. g4 hxg4+ 90. Kxg4 Rc7 91. h5 Rc4+ 92. Kf3 gxh5 93.
Rxh5+ Kg6 94. Ke3 Rd6 95. Rhf5 Ra4 96. Rf2 Ra6 97. Rff5 Rd6 98. Rf8 Kg7 99.
Rf1 Kg6 100. Rff5 Ra3+ 1/2-1/2

[Event "10th EICC"]
[Site "Budva MNE"]
[Date "2009.03.14"]
[Round "8"]
[White "Mikhalevski,V"]
[Black "Cheparinov,I"]
[Result "1/2-1/2"]
[WhiteElo "2608"]
[BlackElo "2679"]
[EventDate "2009.03.06"]

1. d4 Nf6 2. c4 e6 3. g3 d5 4. Nf3 dxc4 5. Bg2 a6 6. O-O Nc6 7. Nc3 Rb8 8.
e3 b5 9. Qe2 Be7 10. Rd1 O-O 11. a4 Nb4 12. axb5 axb5 13. Ne5 Bb7 14. e4
Nd7 15. Nxb5 Nxe5 16. dxe5 Nd3 17. b3 Bc5 18. bxc4 Nxc1 19. Raxc1 Qe7 20.
Kh1 Ra8 21. f4 Bb6 22. c5 Bxc5 23. Qc4 Rad8 24. Rxd8 Rxd8 25. Qxc5 Qxc5 26.
Rxc5 Rd1+ 27. Bf1 Rxf1+ 28. Kg2 Rb1 29. Nc3 Rb2+ 30. Kf3 c6 31. h4 Kf8 32.
Na4 Rb4 33. Ra5 Rb3+ 34. Kf2 Ra3 35. Ra7 g6 36. Rxb7 1/2-1/2

[Event "10th EICC"]
[Site "Budva MNE"]
[Date "2009.03.14"]
[Round "8"]
[White "Fressinet,L"]
[Black "Banikas,H"]
[Result "1/2-1/2"]
[WhiteElo "2666"]
[BlackElo "2582"]
[EventDate "2009.03.06"]

1. d4 Nf6 2. Nf3 e6 3. c4 b6 4. g3 Bb7 5. Bg2 Be7 6. O-O O-O 7. Re1 a5 8.
Nc3 Ne4 9. Bd2 f5 10. Qc2 Nxc3 11. Bxc3 Be4 12. Qd2 Bf6 13. Rac1 d6 14. Qe3
Qe7 15. Red1 Nd7 16. Ne1 Bxg2 17. Nxg2 Rae8 18. Qf3 e5 19. dxe5 Bxe5 20.
Ne3 Bxc3 21. Rxc3 Ne5 22. Qb7 Rf7 23. Ng2 1/2-1/2

[Event "10th EICC"]
[Site "Budva MNE"]
[Date "2009.03.14"]
[Round "8"]
[White "Iljushin,A"]
[Black "Nyback,T"]
[Result "0-1"]
[WhiteElo "2564"]
[BlackElo "2644"]
[EventDate "2009.03.06"]

1. d4 d5 2. c4 c6 3. Nf3 Nf6 4. e3 Bg4 5. Nc3 e6 6. h3 Bxf3 7. Qxf3 Nbd7 8.
Bd2 Bd6 9. cxd5 exd5 10. Bd3 Qe7 11. g4 Bb4 12. O-O-O O-O 13. Kb1 Nb6 14.
g5 Nfd7 15. h4 Nc4 16. Bxc4 dxc4 17. Ne4 a5 18. Qf5 Rfe8 19. f3 Qe6 20. Qf4
Nb6 21. Bc1 Nd5 22. Qh2 a4 23. a3 Bf8 24. h5 b5 25. Qh3 Qxh3 26. Rxh3 b4
27. axb4 Bxb4 28. h6 g6 29. Nf6+ Nxf6 30. gxf6 a3 31. e4 Reb8 32. bxa3
Bxa3+ 33. Kc2 Bxc1 34. Rxc1 Rb3 35. Kd1 Rd3+ 36. Ke1 Rxd4 37. Rh2 Rd3 38.
Rf2 c3 39. Kf1 Kf8 40. Kg2 Ke8 41. f4 Kd7 42. Rf3 Ra2+ 43. Kg3 Rxf3+ 44.
Kxf3 c2 45. e5 Ke6 46. Kg4 Rb2 47. Kg5 c5 48. Kg4 c4 49. Kg5 c3 50. Kg4 Kd5
51. f5 gxf5+ 52. Kxf5 Kd4 53. Kf4 Kd3 54. e6 Rb6 55. Ke5 0-1

[Event "10th EICC"]
[Site "Budva MNE"]
[Date "2009.03.14"]
[Round "8"]
[White "Mamedov,Rau"]
[Black "Popov,Val"]
[Result "1-0"]
[WhiteElo "2638"]
[BlackElo "2561"]
[EventDate "2009.03.06"]

1. e4 e5 2. Bc4 Nf6 3. d3 c6 4. Qe2 Be7 5. Nf3 O-O 6. Nbd2 d6 7. a3 Re8 8.
Nf1 Bf8 9. Ba2 Be6 10. Bxe6 Rxe6 11. h3 d5 12. g4 Qa5+ 13. Bd2 Qb5 14. Ng3
Qxb2 15. O-O Qb6 16. g5 dxe4 17. dxe4 Ne8 18. Rfb1 Qc7 19. h4 Nd7 20. h5
Rd8 21. g6 hxg6 22. Ng5 Rd6 23. Kg2 Nc5 24. Be3 Ne6 25. hxg6 Nxg5 26. Bxg5
Nf6 27. Rh1 b5 28. Bxf6 Rxf6 29. Rh8+ 1-0

[Event "10th EICC"]
[Site "Budva MNE"]
[Date "2009.03.14"]
[Round "8"]
[White "Rasulov,Vu"]
[Black "Kobalia,M"]
[Result "1/2-1/2"]
[WhiteElo "2391"]
[BlackElo "2634"]
[EventDate "2009.03.06"]

1. e4 c5 2. Nf3 e6 3. d4 cxd4 4. Nxd4 a6 5. Nd2 d6 6. Bd3 Nf6 7. O-O Be7 8.
c4 Qb6 9. Nc2 Nbd7 10. Ne3 O-O 11. Kh1 Qc7 12. b3 Nc5 13. Bc2 b5 14. b4
Ncd7 15. Bb2 Bb7 16. Rc1 Qb6 17. Qe2 a5 18. bxa5 Rxa5 19. a3 Nc5 20. Bd4
Nfd7 21. cxb5 Qxb5 22. Nec4 Raa8 23. f4 e5 24. Be3 Rxa3 25. Qg4 Nf6 26. Qf5
Rxe3 27. fxe5 Ncxe4 28. Rb1 Qc5 29. Nxe3 g6 30. Nxe4 Bxe4 31. Qh3 Qxe5 32.
Bxe4 Nxe4 33. Ng4 Qg5 34. Rb7 h5 35. Qe3 d5 36. Qxg5 Bxg5 37. Ne5 Nd6 38.
Rb6 Ne4 39. g3 Kg7 40. Kg2 Be3 41. Rb7 Nd6 42. Rd7 Nf5 43. Kf3 Bg5 44. Rb1
Bf6 45. Rxd5 Re8 46. Rbb5 Rc8 47. Rbc5 Rb8 48. Rd7 Rb3+ 49. Kg2 Rb2+ 50.
Kg1 Rb1+ 51. Kg2 Rb2+ 52. Kh3 Bxe5 53. Rxe5 Rf2 54. Re4 g5 55. g4 hxg4+ 56.
Rxg4 Kg6 57. Rd8 Nh6 58. Ra4 Kh5 59. Kg3 Rf6 60. Kg2 Kg6 61. Rda8 Rf5 62.
R4a6+ f6 63. Kg3 Rf4 64. Kg2 Rg4+ 65. Kf3 Rh4 66. Rf8 Rf4+ 67. Kg2 Rg4+
1/2-1/2

[Event "10th EICC"]
[Site "Budva MNE"]
[Date "2009.03.14"]
[Round "8"]
[White "Hillarp Persson,T"]
[Black "Vitiugov,N"]
[Result "1/2-1/2"]
[WhiteElo "2586"]
[BlackElo "2687"]
[EventDate "2009.03.06"]

1. e4 c5 2. Nf3 e6 3. d4 cxd4 4. Nxd4 Nc6 5. Nc3 Qc7 6. Be3 Nf6 7. f4 Bb4
8. Ndb5 Qa5 9. e5 Nd5 10. Bd2 Nxc3 11. bxc3 Bc5 12. c4 Qd8 13. Bd3 b6 14.
Qh5 Ba6 15. h4 Bxb5 16. cxb5 g6 17. Qd1 Ne7 18. h5 Rf8 19. hxg6 hxg6 20.
Qf3 Rc8 21. g4 Qc7 22. Qe4 d5 23. Qa4 g5 24. Rh7 d4 25. Be4 gxf4 26. Bxf4
Nd5 27. Bxd5 exd5 28. O-O-O Ba3+ 29. Kb1 Qc4 30. Qxc4 Rxc4 31. Rd3 Rb4+ 32.
Rb3 Rg8 33. g5 Rxb3+ 34. axb3 Be7 35. Kc1 Bxg5 36. Bxg5 Rxg5 37. Rh8+ Ke7
38. Ra8 Ke6 39. Rxa7 Kxe5 40. Re7+ Kd6 41. Rxf7 Kc5 42. Kd2 Rg2+ 43. Kd3
Rg3+ 44. Kd2 Kxb5 45. Rd7 Kc5 46. Rc7+ Kb4 47. Rd7 Kc5 48. Rc7+ Kd6 49. Rc8
b5 50. b4 Ke5 51. Re8+ Kf4 52. Rf8+ Ke4 53. Re8+ Kf4 54. Rf8+ Ke4 1/2-1/2

[Event "10th EICC"]
[Site "Budva MNE"]
[Date "2009.03.14"]
[Round "8"]
[White "Tiviakov,S"]
[Black "Iordachescu,V"]
[Result "1/2-1/2"]
[WhiteElo "2684"]
[BlackElo "2584"]
[EventDate "2009.03.06"]

1. e4 e5 2. Bc4 Nf6 3. d3 Nc6 4. Nf3 Be7 5. O-O O-O 6. Bb3 d6 7. c3 h6 8.
Be3 Ng4 9. Nbd2 Nb8 10. d4 Nd7 11. Nc4 c6 12. Bc1 Qc7 13. h3 Ngf6 14. dxe5
dxe5 15. Bc2 Re8 16. Nh2 Nc5 17. Qf3 Be6 18. Ne3 Rad8 19. Nhg4 Nxg4 20.
hxg4 Nd3 21. Bb3 Bg5 22. Bxe6 Rxe6 23. Qe2 b5 24. a4 a6 25. axb5 axb5 26.
b3 Nxc1 27. Rfxc1 Red6 28. Rc2 Qd7 29. Nf1 g6 30. g3 c5 31. Kg2 Rd3 32. Ra5
Qc6 33. Rca2 c4 34. bxc4 bxc4 35. R2a3 Be7 36. Ra6 Qe8 37. R3a4 Rxc3 38.
Ne3 Bg5 39. Nd5 Rc1 40. Rxc4 Qb5 41. Raa4 Kg7 42. Rab4 Qa6 43. Ra4 Qb5 44.
Rab4 Qa6 45. Rc2 Qxe2 46. Rxe2 Rd7 47. Ra2 Rc8 48. Rab2 Be7 49. Rb7 Rxb7
50. Rxb7 Bf8 51. f4 exf4 52. gxf4 g5 53. e5 Rd8 54. Rb5 gxf4 55. Kf3 Ba3
56. Kxf4 Bc1+ 57. Ke4 Bg5 58. Rb7 Kf8 59. Rc7 Ra8 60. Rb7 1/2-1/2

[Event "10th EICC"]
[Site "Budva MNE"]
[Date "2009.03.14"]
[Round "8"]
[White "Berkes,F"]
[Black "Vuckovic,Bo"]
[Result "1/2-1/2"]
[WhiteElo "2651"]
[BlackElo "2576"]
[EventDate "2009.03.06"]

1. g3 Nf6 2. Bg2 d5 3. Nf3 c6 4. O-O Bg4 5. c4 Nbd7 6. cxd5 cxd5 7. Nc3 e6
8. d4 Bd6 9. Qb3 Bxf3 10. Bxf3 Qb6 11. e4 dxe4 12. Nxe4 Nxe4 13. Bxe4 Rb8
14. d5 Qxb3 15. axb3 Nc5 16. Bc2 exd5 17. Rd1 Ne6 18. Rxd5 Bc5 19. b4 Bb6
20. Be3 Ke7 21. Bxb6 axb6 22. Re1 Rhd8 23. Rde5 h6 24. Bb3 Rd6 25. Kg2 Rbd8
26. Rb5 Kf6 27. Bxe6 fxe6 28. h4 Rc8 29. Re3 Rc4 30. b3 1/2-1/2

[Event "10th EICC"]
[Site "Budva MNE"]
[Date "2009.03.14"]
[Round "8"]
[White "Predojevic,B"]
[Black "Khairullin,I"]
[Result "1/2-1/2"]
[WhiteElo "2650"]
[BlackElo "2574"]
[EventDate "2009.03.06"]

1. e4 e5 2. Nf3 Nc6 3. Bb5 a6 4. Ba4 Nf6 5. O-O Be7 6. Re1 b5 7. Bb3 d6 8.
c3 O-O 9. d4 Bg4 10. Be3 exd4 11. cxd4 d5 12. e5 Ne4 13. h3 Bh5 14. Nc3
Nxc3 15. bxc3 Na5 16. Bc2 Nc4 17. Bf5 Bg6 18. Qd3 Bxf5 19. Qxf5 a5 20. Bg5
h6 21. Bxe7 Qxe7 22. Re2 b4 23. Rae1 Ra6 24. Qd3 1/2-1/2

[Event "10th EICC"]
[Site "Budva MNE"]
[Date "2009.03.14"]
[Round "8"]
[White "Grigoriants,S RUS"]
[Black "Ivanisevic,I"]
[Result "1/2-1/2"]
[WhiteElo "2565"]
[BlackElo "2628"]
[EventDate "2009.03.06"]

1. e4 c5 2. Nf3 d6 3. d4 Nf6 4. Nc3 cxd4 5. Nxd4 g6 6. Be3 Bg7 7. f3 a6 8.
Qd2 Nbd7 9. a4 b6 10. Nd5 Bb7 11. Nxf6+ Bxf6 12. c4 O-O 13. a5 Nc5 14. b4
Bxd4 15. Qxd4 Nb3 16. Qd1 Nxa1 17. Bxb6 Qd7 18. Bd3 f5 19. exf5 Rxf5 20.
Bxf5 Qxf5 21. Qxa1 Qd3 22. Qa2 Rf8 23. Rf1 Qc3+ 24. Qd2 Qxc4 25. Kf2 Rf5
26. Kg1 Re5 27. Re1 Rxe1+ 28. Qxe1 Kf7 29. Qd2 Ke8 30. Kf2 Kd7 31. Bd4 g5
32. h3 h5 33. Kg3 Qd5 34. Be3 Qe5+ 35. Kf2 g4 36. hxg4 hxg4 37. f4 Qb5 38.
Kg3 Qf1 39. Qf2 Qxf2+ 40. Bxf2 Ke6 41. Kxg4 Bxg2 42. Bh4 1/2-1/2

[Event "10th EICC"]
[Site "Budva MNE"]
[Date "2009.03.14"]
[Round "8"]
[White "Pashikian,A"]
[Black "Nijboer,F"]
[Result "1/2-1/2"]
[WhiteElo "2621"]
[BlackElo "2560"]
[EventDate "2009.03.06"]

1. d4 f5 2. Nc3 Nf6 3. Bg5 d5 4. Bxf6 exf6 5. e3 Be6 6. Qf3 Qd7 7. h4 h5 8.
a3 Nc6 9. Bb5 a6 10. Ba4 Rd8 11. Nh3 g6 12. Nf4 Bf7 13. b4 Bh6 14. Nd3 b6
15. Qg3 O-O 16. Nf4 Bxf4 17. Qxf4 Rfe8 18. O-O Kg7 19. Rae1 Re7 20. Nb1 Qd6
21. g3 Qxf4 22. gxf4 Na7 23. Nd2 Nb5 24. Ra1 Nc3 25. Bb3 Kh6 26. Nb1 Nxb1
27. Raxb1 g5 28. hxg5+ fxg5 29. fxg5+ Kxg5 30. f4+ Kf6 31. Kf2 Rg8 32. c3
Be6 33. Bd1 Reg7 34. Bf3 h4 35. Rh1 Rh8 36. Be2 b5 37. Rh3 c6 38. a4 Bd7
39. Ra1 Ke6 40. Rh2 Kf6 41. a5 Be6 42. Rah1 Rgh7 43. Rg1 1/2-1/2

[Event "10th EICC"]
[Site "Budva MNE"]
[Date "2009.03.14"]
[Round "8"]
[White "Mastrovasilis,A"]
[Black "Kotronias,V"]
[Result "1-0"]
[WhiteElo "2486"]
[BlackElo "2603"]
[EventDate "2009.03.06"]

1. c4 g6 2. g3 Bg7 3. Bg2 d6 4. Nc3 Nf6 5. Nf3 O-O 6. O-O e5 7. d3 h6 8.
Rb1 a5 9. a3 Re8 10. b4 axb4 11. axb4 e4 12. Nd4 exd3 13. exd3 c6 14. h3 d5
15. Be3 Nbd7 16. cxd5 Nxd5 17. Nxd5 cxd5 18. Rc1 Nf6 19. Rc5 Be6 20. Qc1
Nd7 21. Nxe6 fxe6 22. Rc7 Rb8 23. Re1 g5 24. Ba7 Ra8 25. Rxb7 Bf6 26. d4
Re7 27. Qc6 Nb8 28. Rxb8 Rxb8 29. Bxb8 Qxb8 30. Rxe6 Rxe6 31. Qxe6+ Kg7 32.
Bxd5 Bxd4 33. Qf7+ Kh8 34. Kg2 Bg7 35. b5 Qf8 36. Qg6 Bd4 37. Bf7 Qg7 38.
Qe6 Kh7 39. Qf5+ Kh8 40. Qe6 Kh7 41. Qe4+ Kh8 42. Bc4 Bc5 43. b6 Qf8 44.
Qe5+ Kh7 45. Bd3+ Kg8 46. Qe6+ Kh8 47. Bf5 Bxb6 48. Qg6 1-0

[Event "10th EICC"]
[Site "Budva MNE"]
[Date "2009.03.14"]
[Round "8"]
[White "Mchedlishvili,M"]
[Black "Prohaszka,P2"]
[Result "1/2-1/2"]
[WhiteElo "2619"]
[BlackElo "2512"]
[EventDate "2009.03.06"]

1. d4 d5 2. c4 c6 3. Nf3 Nf6 4. Nc3 e6 5. Bg5 Nbd7 6. e3 Be7 7. Qc2 O-O 8.
Rd1 b6 9. Bd3 h6 10. Bf4 Ba6 11. Qa4 Bxc4 12. Bxc4 dxc4 13. Qxc4 Nd5 14.
Bg3 N7f6 15. Ne5 Bb4 16. Qd3 Rc8 17. O-O Nh5 18. Ne4 Be7 19. a3 Ndf6 20.
Nxf6+ Bxf6 21. Qe4 Qd5 22. Qxd5 1/2-1/2

[Event "10th EICC"]
[Site "Budva MNE"]
[Date "2009.03.14"]
[Round "8"]
[White "Parligras,M"]
[Black "Antic,De"]
[Result "1-0"]
[WhiteElo "2605"]
[BlackElo "2495"]
[EventDate "2009.03.06"]

1. d4 Nf6 2. c4 g6 3. Nc3 Bg7 4. e4 d6 5. f3 O-O 6. Be3 Nbd7 7. Nh3 a6 8.
Qd2 c5 9. Be2 cxd4 10. Bxd4 Ne5 11. Nf2 Be6 12. b3 b5 13. cxb5 Qa5 14. f4
Bh6 15. Be3 Ned7 16. bxa6 Bxb3 17. Rc1 Be6 18. g4 Bg7 19. f5 Rac8 20. fxe6
fxe6 21. O-O Ne5 22. Nd5 Qd8 23. Rxc8 1-0

[Event "10th EICC"]
[Site "Budva MNE"]
[Date "2009.03.14"]
[Round "8"]
[White "Novikov,St1"]
[Black "Kozul,Z"]
[Result "0-1"]
[WhiteElo "2523"]
[BlackElo "2594"]
[EventDate "2009.03.06"]

1. d4 Nf6 2. Nf3 g6 3. Bf4 d6 4. e3 Nh5 5. Bg5 h6 6. Bh4 g5 7. Nfd2 Ng7 8.
Bg3 Nf5 9. c4 h5 10. h4 e5 11. dxe5 Nxg3 12. fxg3 Bg7 13. Ne4 g4 14. Nf6+
Kf8 15. Nc3 Nd7 16. Bd3 Nxf6 17. exf6 Qxf6 18. Nd5 Qxb2 19. Rb1 Qxg2 20.
Rf1 Be5 21. Qb3 c6 22. Nc7 Rb8 23. Kd1 Bd7 24. Na6 Rd8 25. Qxb7 Kg7 26. Nb4
d5 27. Nc2 Bc3 28. Be2 Qxg3 0-1

[Event "10th EICC"]
[Site "Budva MNE"]
[Date "2009.03.14"]
[Round "8"]
[White "Dobrov,V"]
[Black "Sedlak,N"]
[Result "1-0"]
[WhiteElo "2510"]
[BlackElo "2592"]
[EventDate "2009.03.06"]

1. d4 Nf6 2. c4 g6 3. Nc3 d5 4. Bg5 Ne4 5. Bh4 Nxc3 6. bxc3 dxc4 7. e3 Be6
8. Rb1 b6 9. Nh3 Bh6 10. e4 Bxh3 11. gxh3 O-O 12. Bxc4 Qd7 13. O-O Qxh3 14.
Bg3 Qd7 15. f4 Nc6 16. f5 Na5 17. Bb5 c6 18. Bd3 e6 19. f6 c5 20. Qf3 cxd4
21. Bf4 dxc3 22. Bxh6 Rfd8 23. Rbd1 Qa4 24. Be3 Qxa2 25. Ra1 Qb2 26. Rfb1
Rxd3 27. Rxb2 cxb2 28. Rb1 Nc4 29. Qf4 Kh8 30. Qc7 Nd6 31. Rxb2 Kg8 32. Bf4
Ne8 33. Qb7 Rad8 34. Be5 Nd6 35. Qc6 h6 36. Kf1 b5 37. Bxd6 R3xd6 38. Qxb5
Rb6 39. Qa5 Re8 40. Rxb6 axb6 41. Qxb6 e5 42. h4 Re6 43. Qd8+ Kh7 44. Qe7
Kg8 45. Ke2 1-0

[Event "10th EICC"]
[Site "Budva MNE"]
[Date "2009.03.14"]
[Round "8"]
[White "Szabo,Krisz1"]
[Black "Damljanovic,B"]
[Result "1-0"]
[WhiteElo "2508"]
[BlackElo "2587"]
[EventDate "2009.03.06"]

1. e4 c5 2. Nf3 d6 3. d4 cxd4 4. Nxd4 Nf6 5. Nc3 a6 6. Be3 e5 7. Nf3 h6 8.
Bc4 Be6 9. Bxe6 fxe6 10. Qd3 Nc6 11. O-O-O Rc8 12. Kb1 Be7 13. Nh4 Kf7 14.
Bd2 g5 15. Nf3 Nd7 16. h4 Nc5 17. Qe3 gxh4 18. g3 hxg3 19. Rxh6 Rxh6 20.
Qxh6 Qh8 21. Qe3 g2 22. Rg1 Qh1 23. Ne2 Rg8 24. Ng3 Qh3 25. b4 Nd7 26. c3
Rg6 27. Ne1 Bh4 28. Rxg2 Bxg3 29. fxg3 Ke7 30. Rg1 Nd8 31. Kc2 Nf7 32. Qa7
Nd8 33. Qe3 Nf6 34. Nd3 Qh7 35. Qb6 Kd7 36. Rd1 Kc8 37. Qxd6 Nxe4 38. Qxe5
Rxg3 39. Bf4 Rg2+ 40. Kb3 Nd2+ 1-0

[Event "10th EICC"]
[Site "Budva MNE"]
[Date "2009.03.14"]
[Round "8"]
[White "Gagunashvili,M"]
[Black "Nikolov,Mo"]
[Result "1-0"]
[WhiteElo "2585"]
[BlackElo "2478"]
[EventDate "2009.03.06"]

1. d4 Nf6 2. c4 e6 3. Nc3 Bb4 4. Qc2 c5 5. dxc5 O-O 6. a3 Bxc5 7. Nf3 b6 8.
Bf4 Bb7 9. Rd1 Nc6 10. b4 Nh5 11. Bc1 Be7 12. e4 Rc8 13. Be2 Qc7 14. O-O
Nf6 15. h3 a5 16. b5 Ne5 17. Nxe5 Qxe5 18. Bd3 Qc7 19. Na4 d6 20. Be3 Nd7
21. f4 Ba8 22. e5 g6 23. f5 exf5 24. Bxf5 gxf5 25. exd6 Bxd6 26. Qxf5 Ne5
27. Nxb6 Ng6 28. Nxa8 Rxa8 29. c5 Bh2+ 30. Kh1 Rac8 31. Bh6 Be5 32. Bxf8
Rxf8 33. c6 Qe7 34. b6 Qxa3 35. Rd3 Qe7 36. c7 a4 37. Rd8 1-0

[Event "10th EICC"]
[Site "Budva MNE"]
[Date "2009.03.14"]
[Round "8"]
[White "Erdos,V"]
[Black "Skoberne,J"]
[Result "1-0"]
[WhiteElo "2582"]
[BlackElo "2489"]
[EventDate "2009.03.06"]

1. d4 d5 2. c4 c6 3. Nc3 Nf6 4. e3 a6 5. Nf3 b5 6. c5 g6 7. Ne5 Bg7 8. Be2
O-O 9. O-O Nfd7 10. f4 f6 11. Nd3 a5 12. g4 f5 13. g5 e5 14. fxe5 Qxg5+ 15.
Kh1 Qe7 16. Bf3 Bb7 17. Ne2 Na6 18. Bd2 Nc7 19. Nef4 Kh8 20. Qb1 b4 21. a3
g5 22. Nh5 Bh6 23. axb4 a4 24. Be2 Qf7 25. Ng3 Qg6 26. Bh5 Qe6 27. Rf2 Ba6
28. Be2 Rf7 29. Rxa4 Raf8 30. Rxa6 Nxa6 31. Bh5 Rg7 32. Qf1 f4 33. exf4
gxf4 34. Nxf4 Bxf4 35. Rxf4 Rxf4 36. Qxf4 Qh3 37. b5 Rxg3 38. Qxg3 Qxh5 39.
bxa6 Qe2 40. Qf4 1-0

[Event "10th EICC"]
[Site "Budva MNE"]
[Date "2009.03.14"]
[Round "8"]
[White "Anisimov,P2"]
[Black "Halkias,S"]
[Result "1-0"]
[WhiteElo "2488"]
[BlackElo "2578"]
[EventDate "2009.03.06"]

1. e4 e5 2. Nf3 Nc6 3. Bb5 a6 4. Ba4 Nf6 5. O-O Bc5 6. c3 b5 7. Bb3 d6 8.
d4 Bb6 9. h3 Bb7 10. Re1 O-O 11. Be3 h6 12. Nbd2 Re8 13. d5 Ne7 14. Bxb6
cxb6 15. Bc2 Ng6 16. Nf1 Nf4 17. Ne3 Bc8 18. Kh2 g6 19. Kg1 Qd7 20. a4 bxa4
21. Bxa4 b5 22. Bc2 Kg7 23. c4 Rb8 24. cxb5 axb5 25. g4 1-0

[Event "10th EICC"]
[Site "Budva MNE"]
[Date "2009.03.14"]
[Round "8"]
[White "Deviatkin,A"]
[Black "Zueger,B"]
[Result "1/2-1/2"]
[WhiteElo "2566"]
[BlackElo "2408"]
[EventDate "2009.03.06"]

1. e4 c5 2. c3 e6 3. d4 d5 4. exd5 exd5 5. Nf3 Nc6 6. Bb5 Bd6 7. dxc5 Bxc5
8. O-O Nge7 9. Nbd2 O-O 10. Nb3 Bb6 11. Re1 Bg4 12. h3 Bh5 13. Be3 Bxe3 14.
Rxe3 Nf5 15. Re1 Nd6 16. Be2 Nc4 17. g4 Bg6 18. Bxc4 dxc4 19. Qxd8 Rfxd8
20. Nbd4 Nxd4 21. Nxd4 Rd7 22. f4 f6 23. f5 Bf7 24. h4 h6 25. Re2 Re8 26.
Rxe8+ Bxe8 27. Re1 Bf7 28. Kf2 Kf8 29. Kf3 Rd6 30. Kf4 a6 31. Re2 Rd5 32.
Re4 b5 33. a3 Rd6 34. Re1 Rb6 35. Rh1 Rd6 36. Ra1 Rb6 37. g5 hxg5+ 38. hxg5
fxg5+ 39. Kxg5 Rh6 40. a4 bxa4 41. Rxa4 Rb6 42. Ra5 Ke7 43. Re5+ Kd7 44.
Re2 Rh6 45. Kf4 Kd6 46. Rd2 Rh1 47. Ne6+ Ke7 48. Nc5 Rf1+ 49. Ke5 Re1+ 50.
Ne4 Be8 51. Kd4 Bd7 52. Rf2 Bb5 53. f6+ gxf6 54. Nxf6 Kd6 55. Ne4+ Kc7 56.
Nd2 Rh1 57. Kc5 Rh5+ 58. Kb4 Rh4 59. Ka5 Kc6 60. Nf3 Rh5 61. Nd4+ Kb7 62.
Rf7+ Kc8 63. Rf5 Rh2 64. Nxb5 axb5 65. Rxb5 Kc7 66. Rb4 Kd6 67. Kb5 Kd5 68.
Rxc4 Rxb2+ 69. Rb4 Rd2 70. Kb6 Kd6 71. Rb1 Rc2 72. Rb3 Kd5 73. Kb5 Kd6 74.
c4 Kc7 75. Rh3 Rg2 76. Rh7+ Kb8 77. Kc6 Rg6+ 78. Kd7 Rg5 79. Rh6 Kb7 80.
Re6 Rc5 81. Re4 Kb6 1/2-1/2

[Event "10th EICC"]
[Site "Budva MNE"]
[Date "2009.03.14"]
[Round "8"]
[White "Jovanovic,Zo CRO"]
[Black "Talla,V"]
[Result "1/2-1/2"]
[WhiteElo "2558"]
[BlackElo "2407"]
[EventDate "2009.03.06"]

1. e4 c5 2. Nc3 a6 3. f4 b5 4. Nf3 Bb7 5. d3 e6 6. g3 b4 7. Nb1 d5 8. Nbd2
Nf6 9. Qe2 Be7 10. Bg2 Nc6 11. O-O O-O 12. h3 dxe4 13. dxe4 Qc7 14. c3 a5
15. e5 Nd7 16. Rb1 a4 17. Ne4 bxc3 18. bxc3 Ba6 19. Qf2 Na5 20. h4 Rad8 21.
h5 h6 22. Be3 Bb7 23. Qc2 Nb6 24. Rbd1 Nac4 25. Kf2 Rxd1 26. Rxd1 Bd5 27.
Qe2 Qc6 28. Nfd2 Nxd2 29. Nxd2 1/2-1/2

[Event "10th EICC"]
[Site "Budva MNE"]
[Date "2009.03.14"]
[Round "8"]
[White "Milanovic,Da"]
[Black "Chudinovskikh,A"]
[Result "1-0"]
[WhiteElo "2552"]
[BlackElo "2379"]
[EventDate "2009.03.06"]

1. d4 Nf6 2. c4 e6 3. Nc3 Bb4 4. e3 O-O 5. Bd3 c5 6. Nge2 Nc6 7. O-O d5 8.
cxd5 exd5 9. a3 cxd4 10. axb4 dxc3 11. b5 Ne5 12. Nxc3 Nxd3 13. Qxd3 Be6
14. Bd2 Qd6 15. Ra4 Nd7 16. Rh4 g6 17. Ne2 Qe7 18. Qd4 Qf6 19. Qb4 g5 20.
Rd4 Qg7 21. f4 Nf6 22. Bc3 Qg6 23. fxg5 Nh5 24. Nf4 Nxf4 25. Rdxf4 Qd3 26.
Bd4 Rac8 27. Qd6 Rc4 28. Qe5 Rxd4 29. Rxd4 Qg6 30. Rc1 Qh5 31. Rf4 h6 32.
h4 Re8 33. Qf6 hxg5 34. hxg5 Rf8 35. Rcf1 Rc8 36. Qd4 Qxg5 37. Rh4 Qg7 38.
Qxg7+ Kxg7 39. Ra1 Rc2 40. Rxa7 Bc8 41. Rb4 Kf6 42. Ra3 Bf5 43. Rc3 Rd2 1-0

[Event "10th EICC"]
[Site "Budva MNE"]
[Date "2009.03.14"]
[Round "8"]
[White "Porat,I"]
[Black "Maslak,K"]
[Result "1/2-1/2"]
[WhiteElo "2353"]
[BlackElo "2541"]
[EventDate "2009.03.06"]

1. d4 Nf6 2. c4 e6 3. Nf3 c5 4. d5 exd5 5. cxd5 d6 6. Nc3 g6 7. g3 Bg7 8.
Bg2 O-O 9. O-O a6 10. a4 Re8 11. Nd2 Nbd7 12. h3 Rb8 13. Nc4 Nb6 14. Na3
Bd7 15. e4 Qc7 16. Re1 Re7 17. Be3 Rbe8 18. Kh2 Nh5 19. a5 Nc8 20. Nc4 Bb5
21. Qb3 Na7 22. f4 Bxc3 23. Qxc3 Bxc4 24. Qxc4 Nb5 25. b3 Nf6 26. Bc1 Nd7
27. Bb2 b6 28. axb6 Qxb6 29. b4 cxb4 30. Qxb4 Nc5 31. Bd4 Rb8 32. Reb1 Reb7
33. Qd2 Nb3 34. Rxb3 Qxd4 35. Qxd4 Nxd4 36. Rd3 Nc2 1/2-1/2